Physics (Record no. 4451)
[ view plain ]
| 000 -LEADER | |
|---|---|
| fixed length control field | 00509 a2200217 4500 |
| 020 ## - INTERNATIONAL STANDARD BOOK NUMBER | |
| International Standard Book Number | 0-471-54804-9 |
| 040 ## - CATALOGING SOURCE | |
| Original cataloging agency | Library of Congress |
| Language of cataloging | English |
| 082 ## - DEWEY DECIMAL CLASSIFICATION NUMBER | |
| Classification number | 530 |
| 082 ## - DEWEY DECIMAL CLASSIFICATION NUMBER | |
| Classification number | 530 |
| 082 ## - DEWEY DECIMAL CLASSIFICATION NUMBER | |
| Classification number | 530 |
| 100 1# - MAIN ENTRY--PERSONAL NAME | |
| Personal name | Resnick, Robert, |
| 245 00 - TITLE STATEMENT | |
| Title | Physics |
| Number of part/section of a work | Vol. 2 |
| 250 ## - EDITION STATEMENT | |
| Edition statement | 4th |
| 260 ## - PUBLICATION, DISTRIBUTION, ETC. | |
| Place of publication, distribution, etc. | New York : |
| Name of publisher, distributor, etc. | Wiley, |
| Date of publication, distribution, etc. | Cop. 1992 |
| 300 ## - PHYSICAL DESCRIPTION | |
| Extent | xi, s. 593-1216,[42] |
| 650 #7 - SUBJECT ADDED ENTRY--TOPICAL TERM | |
| Topical term or geographic name entry element | Physics |
| 650 #7 - SUBJECT ADDED ENTRY--TOPICAL TERM | |
| Topical term or geographic name entry element | Physics |
| 700 1# - ADDED ENTRY--PERSONAL NAME | |
| Personal name | Halliday, David, |
| Dates associated with a name | 1916- |
| 700 1# - ADDED ENTRY--PERSONAL NAME | |
| Personal name | Krane, Kenneth S. |
| 942 ## - ADDED ENTRY ELEMENTS (KOHA) | |
| Koha item type | Book |
| Call number prefix | 530 RES |
| Source of classification or shelving scheme | |
| Withdrawn status | Lost status | Damaged status | Not for loan | Collection code | Permanent Location | Current Location | Shelving location | Date acquired | Source of acquisition | Cost, normal purchase price | Total Checkouts | Total Renewals | Full call number | Barcode | Date last seen | Date last checked out | Price effective from | Koha item type |
|---|---|---|---|---|---|---|---|---|---|---|---|---|---|---|---|---|---|---|
| Central Library (CL) | Central Library (CL) | General Stacks | 11/22/2001 | Progressive International Agencies | 1175.93 | 12 | 3 | 530 RES | SEECS001486 | 01/31/2026 | 10/07/2025 | 01/05/2017 | Book | |||||
| Central Library (CL) | Central Library (CL) | General Stacks | 09/03/2002 | Book Field | 957.82 | 14 | 5 | 530 RES | SEECS002397 | 11/12/2025 | 10/08/2025 | 01/05/2017 | Book | |||||
| Central Library (CL) | Central Library (CL) | General Stacks | Link, Rawalpindi | 80.00 | 2 | 530 RES | SEECS000296 | 03/02/2020 | 10/14/2014 | 01/05/2017 | Book | |||||||
| Central Library (CL) | Central Library (CL) | General Stacks | 11/04/2020 | Link, Rawalpindi | 80.00 | 5 | 530 RES | SEECS000306 | 06/06/2022 | 03/01/2022 | 01/05/2017 | Book | ||||||
| Central Library (CL) | Central Library (CL) | General Stacks | 03/08/2021 | Link, Rawalpindi | 80.00 | 3 | 2 | 530 RES | SEECS000294 | 04/26/2024 | 12/09/2021 | 01/05/2017 | Book | |||||
| Central Library (CL) | Central Library (CL) | General Stacks | 11/10/2009 | 4 | 1 | 530 RES | SEECSD00293 | 08/31/2022 | 06/27/2022 | 05/11/2016 | Book | |||||||
| Central Library (CL) | Central Library (CL) | General Stacks | 11/29/2011 | Donation | 7 | 2 | 530 RES | SEECSD00462 | 01/04/2020 | 09/11/2019 | 01/05/2017 | Book |
